000 00400nam a22001577a 4500
003 DO-SdBNP
005 20180220131528.0
008 180220b sp||||| |||| 00| 0 spa d
040 _aBPMSU
_bspa
_cBPMSU
245 _aCuentos brillantes Bambi
260 _aMadrid
_bTodolibro
_3[s. f]
300 _a16 p.
_bil
_c26 cm
942 _2ddc
_cBK
945 _ainventariado, 2018 / dg
956 _adgarcia
_b10
999 _c13323
_d13323